| 000 | 00505cam a2200145 a 4500 | ||
|---|---|---|---|
| 020 | _a0195796039 | ||
| 082 | 0 | 0 |
_a948.5 _bDUR _cL-40, P-73 |
| 100 | 1 |
_aDurrani, Mahmud Ali. _946322 |
|
| 245 | 1 | 0 |
_aIndia & Pakistan : _bthe cost of conflict and the benefits of peace / _cMahmud Ali Durrani ; foreword by Bharat Bhushan. |
| 260 |
_aKarachi : _bOxford University Press, _c2001. |
||
| 300 |
_axxii, 96 p. : _bill. ; _c23 cm. |
||
| 526 |
_a0 _b0 _c0 _d948_500000000000000_DUR |
||
| 650 |
_aMCE _9379 |
||
| 942 |
_2ddc _cBK |
||
| 999 |
_c549680 _d549680 |
||